00398nam a2200169Ia 4500003000400000005001700004008004100021020001800062040000700080041000800087082002200095100001900117245002600136260003600162300001700198365001300215OSt20230329092024.0210423s2008 xx 000 0 und d a9788183989749 cAL aeng a540.92 223bAGRP aAGRAWAL (P K). aBiology for chemists. aMeerutbPragati Prakashanc2008 aviii,268bPB b160cINR